000
00314nam a2200133Ia 4500
008
231129s1994||||xx |||||||||||||| ||spa||
040
_b
spa
082
_a
Co861 R436s
100
_a
Restrepo M. Abel Antonio
245
0
_a
Suenos y quehaceres
260
_c
1994
264
_a
Graficas Olimpica
942
_2
ddc
_c
BKS
999
_c
24893
_d
24893